[Event "November Lviv Tradition (IM-group A)"]
[Site "Lviv"]
[Date "2017.11.08"]
[Round "5.4"]
[White "Bogdanov, Egor"]
[Black "Martynkova, Olena"]
[Result "1-0"]
[WhiteElo "2317"]
[BlackElo "2261"]
[PlyCount "129"]
[EventDate "2017.11.06"]
[EventType "tourn"]
[EventRounds "9"]
[EventCountry "UKR"]
[EventCategory "1"]

1. e4 c5 2. Nf3 e6 3. d4 cxd4 4. Nxd4 Nc6 5. Nc3 Qc7 6. Be3 a6 7. Qf3 Nf6 8.
O-O-O Ne5 9. Qg3 b5 10. f4 Neg4 11. Be2 Nxe3 12. Qxe3 b4 13. Na4 Bb7 14. Bf3 d6
15. g4 Nd7 16. e5 Bxf3 17. Qxf3 Rc8 18. Qd3 Nc5 19. Nxc5 dxc5 20. Nf3 c4 21.
Qe4 c3 22. f5 Be7 23. Nd4 b3 24. cxb3 O-O 25. Kb1 cxb2 26. Nc2 exf5 27. gxf5
Rfe8 28. e6 fxe6 29. fxe6 Bf6 30. Rhe1 Kh8 31. Ne3 Qc6 32. Nc4 Qxe4+ 33. Rxe4
Red8 34. Rxd8+ Rxd8 35. Nxb2 Kg8 36. Nc4 Kf8 37. Kc2 Ke7 38. a4 Rc8 39. Kd2 Rc6
40. Ne3 Bg5 41. Kd3 Bxe3 42. Rxe3 Rxe6 43. b4 Rxe3+ 44. Kxe3 Ke6 45. Ke4 Kd6
46. Kd4 g6 47. Ke4 Ke6 48. Kf4 h6 49. Ke4 Kd6 50. Kd4 g5 51. Ke4 Ke6 52. Kf3 h5
53. Ke4 h4 54. h3 Kf6 55. b5 axb5 56. axb5 Ke6 57. b6 Kd6 58. Kf5 Kc6 59. Kxg5
Kxb6 60. Kxh4 Kc6 61. Kg5 Kd7 62. Kg6 Ke7 63. Kg7 Ke6 64. h4 Kf5 65. h5 1-0

[Event "November Lviv Tradition (IM-group A)"]
[Site "Lviv"]
[Date "2017.11.08"]
[Round "5.5"]
[White "Shpanko, Nadiia"]
[Black "Shkuran, Danylo"]
[Result "1/2-1/2"]
[WhiteElo "2085"]
[BlackElo "2403"]
[PlyCount "61"]
[EventDate "2017.11.06"]
[EventType "tourn"]
[EventRounds "9"]
[EventCountry "UKR"]
[EventCategory "1"]

1. d4 Nf6 2. c4 g6 3. Nc3 Bg7 4. e4 d6 5. Be2 O-O 6. Be3 e5 7. d5 a5 8. g4 Na6
9. g5 Ne8 10. h4 f5 11. Nf3 Nc5 12. Nd2 c6 13. Bxc5 dxc5 14. dxc6 bxc6 15. Nb3
Qb6 16. Na4 Qb4+ 17. Nd2 Nc7 18. a3 Qb8 19. Nxc5 Qxb2 20. Qc1 Qb6 21. Na4 Qd4
22. Nb3 Qxe4 23. f3 Qf4 24. Qxf4 exf4 25. O-O-O Rb8 26. Kc2 Ne6 27. c5 Rxb3 28.
Kxb3 Nd4+ 29. Rxd4 Bxd4 30. Bc4+ Kh8 31. h5 1/2-1/2

[Event "November Lviv Tradition (IM-group A)"]
[Site "Lviv"]
[Date "2017.11.09"]
[Round "6.1"]
[White "Krzywda, Andrzej"]
[Black "Kryvoruchko, Vita"]
[Result "0-1"]
[WhiteElo "2174"]
[BlackElo "2148"]
[PlyCount "106"]
[EventDate "2017.11.06"]
[EventType "tourn"]
[EventRounds "9"]
[EventCountry "UKR"]
[EventCategory "1"]

1. e4 c5 2. Nf3 d6 3. d4 cxd4 4. Nxd4 Nf6 5. Nc3 a6 6. g3 e6 7. Bg2 Be7 8. O-O
Qc7 9. Be3 Nc6 10. a4 Na5 11. Kh1 O-O 12. g4 Re8 13. g5 Nd7 14. f4 Nf8 15. Qh5
Nc4 16. Bc1 Qb6 17. Rd1 e5 18. Nd5 Qd8 19. Nf5 exf4 20. Nfxe7+ Rxe7 21. Nxe7+
Qxe7 22. Bxf4 Ng6 23. Rf1 Nxb2 24. Rae1 Nxa4 25. e5 dxe5 26. Bxe5 Be6 27. Bd4
Rc8 28. Qf3 b5 29. c3 Nc5 30. Qe3 Nb3 31. Rd1 a5 32. Qg3 a4 33. h4 Nxd4 34.
cxd4 Bb3 35. Rde1 Qd7 36. h5 Nf8 37. Qe5 Qg4 38. Rf3 Rc2 39. Rg3 Qxh5+ 40. Rh3
Qg4 41. Rg3 Qd7 42. Be4 Rd2 43. Rf1 Rxd4 44. Bg2 Bc4 45. Rc1 b4 46. Kh2 a3 47.
Qc5 Be6 48. Re3 Rh4+ 49. Kg3 Rg4+ 50. Kh2 Qd2 51. Rg3 Rh4+ 52. Kg1 a2 53. Re3
Rg4 0-1

[Event "November Lviv Tradition (IM-group A)"]
[Site "Lviv"]
[Date "2017.11.09"]
[Round "6.2"]
[White "Martynkova, Olena"]
[Black "Shpanko, Nadiia"]
[Result "1-0"]
[WhiteElo "2261"]
[BlackElo "2085"]
[PlyCount "75"]
[EventDate "2017.11.06"]
[EventType "tourn"]
[EventRounds "9"]
[EventCountry "UKR"]
[EventCategory "1"]

1. d4 Nf6 2. c4 e6 3. g3 d5 4. Nf3 Be7 5. Bg2 O-O 6. O-O dxc4 7. Qc2 a6 8. a4
Bd7 9. Rd1 Bc6 10. Nc3 a5 11. e4 Na6 12. Ne5 Nb4 13. Qe2 Qe8 14. Nxc6 Qxc6 15.
d5 exd5 16. e5 Ne8 17. Nxd5 Nxd5 18. Bxd5 Qb6 19. Bxc4 Bc5 20. Be3 Bxe3 21.
Qxe3 Qxb2 22. Bb3 Nf6 23. Rab1 Ng4 24. Rxb2 Nxe3 25. fxe3 Rae8 26. Rd7 Rxe5 27.
Rxc7 b6 28. Rf2 h6 29. Bxf7+ Kh8 30. Bg6 Rd8 31. Rfc2 Rxe3 32. Rc8 Re1+ 33. Kf2
Red1 34. Rxd8+ Rxd8 35. Rc6 Rb8 36. Re6 b5 37. axb5 Kg8 38. Re8+ 1-0

[Event "November Lviv Tradition (IM-group A)"]
[Site "Lviv"]
[Date "2017.11.09"]
[Round "6.3"]
[White "Zgadzaj, Rafal"]
[Black "Bogdanov, Egor"]
[Result "0-1"]
[WhiteElo "2133"]
[BlackElo "2317"]
[PlyCount "158"]
[EventDate "2017.11.06"]
[EventType "tourn"]
[EventRounds "9"]
[EventCountry "UKR"]
[EventCategory "1"]

1. d4 Nf6 2. Bg5 Ne4 3. Bf4 c5 4. f3 Qa5+ 5. c3 Nf6 6. Nd2 cxd4 7. Nb3 Qb6 8.
Qxd4 Nc6 9. Qxb6 axb6 10. a3 e5 11. Be3 Na5 12. Nxa5 bxa5 13. O-O-O d5 14. Bg5
Be6 15. e4 O-O-O 16. exd5 Rxd5 17. Rxd5 Nxd5 18. Bc4 Kc7 19. Bd2 Bc5 20. Ne2
Nxc3 21. Bxc3 Bxc4 22. Bxe5+ Kc6 23. Nd4+ Kb6 24. Rd1 f6 25. Bg3 Bf7 26. Rd2
Bg6 27. Kd1 Re8 28. Bf2 a4 29. Nc2 Bxf2 30. Rxf2 Kc5 31. Rd2 b5 32. Nd4 Bf7 33.
Kc2 Re3 34. Kd1 g5 35. Kc2 h5 36. Kd1 h4 37. h3 Bc4 38. Nc2 Re5 39. Nb4 Bb3+
40. Nc2 f5 41. Rd8 Bc4 42. Rd2 f4 43. Nb4 Re3 44. Rf2 Bb3+ 45. Nc2 Kc4 46. Kc1
Re5 47. Rd2 Bxc2 48. Kxc2 Re1 49. Rd8 Rf1 50. Rd7 Rg1 51. Rd2 Rh1 52. Rd8 Rh2
53. Rd2 b4 54. axb4 Kxb4 55. Rd4+ Kc5 56. Rd2 Kc4 57. Re2 g4 58. Re4+ Kd5 59.
Rxf4 gxh3 60. Rxh4 hxg2 61. Rxh2 g1=Q 62. Rh5+ Ke6 63. Rh6+ Kf5 64. Rc6 a3 65.
bxa3 Qa1 66. Rc3 Qa2+ 67. Kd3 Kf4 68. Kd4 Qa1 69. Kd3 Kxf3 70. Kc4+ Ke4 71. Kb3
Qb1+ 72. Kc4 Qa2+ 73. Kb4 Qb2+ 74. Rb3 Qd4+ 75. Ka5 Qa7+ 76. Kb4 Kd4 77. Kb5
Qb7+ 78. Ka4 Qa6+ 79. Kb4 Qc4+ 0-1

[Event "November Lviv Tradition (IM-group A)"]
[Site "Lviv"]
[Date "2017.11.09"]
[Round "6.4"]
[White "Bykovskiy, Oleg"]
[Black "Shkuran, Danylo"]
[Result "0-1"]
[WhiteElo "2249"]
[BlackElo "2403"]
[PlyCount "62"]
[EventDate "2017.11.06"]
[EventType "tourn"]
[EventRounds "9"]
[EventCountry "UKR"]
[EventCategory "1"]

1. Nf3 Nf6 2. c4 g6 3. Nc3 Bg7 4. d4 O-O 5. e4 d6 6. Be2 e5 7. O-O Nc6 8. d5
Ne7 9. b4 Nh5 10. Re1 Nf4 11. Bf1 h6 12. Ba3 f5 13. c5 fxe4 14. Nxe4 dxc5 15.
Bc4 Nexd5 16. bxc5 c6 17. Nd6 Bg4 18. Qb3 Nh3+ 19. Kf1 Bxf3 20. gxf3 Qg5 21.
Ne4 Qg1+ 22. Ke2 Qg2 23. Bxd5+ cxd5 24. Qxd5+ Kh8 25. Qb3 Rad8 26. Rad1 Nf4+
27. Ke3 Nd3 28. Rxd3 Rxf3+ 29. Ke2 Rfxd3 30. Qxd3 Rxd3 31. Kxd3 Qxh2 0-1

[Event "November Lviv Tradition (IM-group A)"]
[Site "Lviv"]
[Date "2017.11.09"]
[Round "6.5"]
[White "Anwesh, Upadhyaya"]
[Black "Sevostianov, Pavel"]
[Result "1-0"]
[WhiteElo "2368"]
[BlackElo "2264"]
[PlyCount "73"]
[EventDate "2017.11.06"]
[EventType "tourn"]
[EventRounds "9"]
[EventCountry "UKR"]
[EventCategory "1"]

1. d4 Nf6 2. c4 e6 3. g3 c5 4. d5 exd5 5. cxd5 Bd6 6. Nc3 Bc7 7. d6 Ba5 8. Bg2
O-O 9. Nh3 Nc6 10. O-O Bxc3 11. bxc3 Re8 12. Re1 Qa5 13. Qc2 Nd4 14. Qd3 Nb3
15. Rb1 Nxc1 16. Rbxc1 Qxa2 17. e4 Qe6 18. Ng5 c4 19. Qd2 Qe5 20. Nf3 Qc5 21.
e5 Ng4 22. h3 Nh6 23. Qf4 Rf8 24. g4 Kh8 25. g5 Ng8 26. Nh4 g6 27. Rcd1 Kg7 28.
Rd5 Qa3 29. Qd4 b5 30. e6+ f6 31. e7 Re8 32. Rxb5 Ba6 33. gxf6+ Nxf6 34. Rg5
Rab8 35. Nf5+ Kf7 36. Nh6+ Kg7 37. Ng4 1-0

[Event "November Lviv Tradition (IM-group A)"]
[Site "Lviv"]
[Date "2017.11.09"]
[Round "7.1"]
[White "Sevostianov, Pavel"]
[Black "Bykovskiy, Oleg"]
[Result "1-0"]
[WhiteElo "2264"]
[BlackElo "2249"]
[PlyCount "49"]
[EventDate "2017.11.06"]
[EventType "tourn"]
[EventRounds "9"]
[EventCountry "UKR"]
[EventCategory "1"]

1. d4 d5 2. c4 e6 3. Nf3 Nf6 4. g3 Be7 5. Bg2 O-O 6. O-O Nbd7 7. Qc2 c6 8. b3
b5 9. Bf4 bxc4 10. bxc4 Ba6 11. Nbd2 c5 12. Qa4 Qc8 13. Ne5 Bb7 14. Rab1 Nb6
15. Qa3 dxc4 16. Bxb7 Qxb7 17. dxc5 Qd5 18. Rb5 g5 19. e4 Nxe4 20. Nxe4 Qxe4
21. Bxg5 f6 22. Qe3 Qd5 23. Bh4 Rac8 24. Ng4 Rc6 25. Qe2 1-0

[Event "November Lviv Tradition (IM-group A)"]
[Site "Lviv"]
[Date "2017.11.09"]
[Round "7.2"]
[White "Shpanko, Nadiia"]
[Black "Zgadzaj, Rafal"]
[Result "0-1"]
[WhiteElo "2085"]
[BlackElo "2133"]
[PlyCount "92"]
[EventDate "2017.11.06"]
[EventType "tourn"]
[EventRounds "9"]
[EventCountry "UKR"]
[EventCategory "1"]

1. e4 d6 2. d4 Nf6 3. Nc3 g6 4. f4 Bg7 5. e5 Nfd7 6. Nf3 O-O 7. Be3 c5 8. exd6
exd6 9. Qd2 Nc6 10. O-O-O Qa5 11. Kb1 Nf6 12. h3 h5 13. a3 Bf5 14. Bd3 Bxd3 15.
Qxd3 Rfe8 16. Rhe1 Rad8 17. f5 c4 18. Qxc4 Qxf5 19. Qb3 Qd7 20. Bg5 Rc8 21. Rf1
Nh7 22. Bf4 Nf6 23. Ng5 a6 24. Na4 Na5 25. Qb4 Nc4 26. Nc3 d5 27. Rfe1 b5 28.
Be5 Qf5 29. Nf3 Bf8 30. Qb3 Na5 31. Qa2 Rxc3 32. bxc3 Ne4 33. Rxe4 dxe4 34. Nh4
Qg5 35. g3 Nc4 36. a4 Qe3 37. axb5 axb5 38. Bf4 Qxc3 39. Qb3 Qa5 40. Qa2 Qc3
41. Qb3 Na3+ 42. Ka2 Qa5 43. Bd2 b4 44. Kb2 Ra8 45. Ng2 Nc4+ 46. Kc1 Qa1+ 0-1

[Event "November Lviv Tradition (IM-group A)"]
[Site "Lviv"]
[Date "2017.11.09"]
[Round "7.3"]
[White "Bogdanov, Egor"]
[Black "Krzywda, Andrzej"]
[Result "1-0"]
[WhiteElo "2317"]
[BlackElo "2174"]
[PlyCount "57"]
[EventDate "2017.11.06"]
[EventType "tourn"]
[EventRounds "9"]
[EventCountry "UKR"]
[EventCategory "1"]

1. e4 c5 2. c3 Nf6 3. e5 Nd5 4. d4 cxd4 5. Nf3 d6 6. cxd4 Nc6 7. Bc4 e6 8. O-O
Be7 9. Qe2 O-O 10. Nc3 Nxc3 11. bxc3 dxe5 12. dxe5 Qc7 13. Bd3 b6 14. Re1 Bb7
15. Ng5 Bxg5 16. Bxg5 Ne7 17. Qh5 Ng6 18. Re3 Qxc3 19. Rd1 Qc6 20. Be4 Qc7 21.
Rh3 h6 22. Bxh6 gxh6 23. Bxg6 fxg6 24. Qxg6+ Qg7 25. Qxe6+ Qf7 26. Rg3+ Kh8 27.
Qxh6+ Qh7 28. Qxh7+ Kxh7 29. Rd7+ 1-0

[Event "November Lviv Tradition (IM-group A)"]
[Site "Lviv"]
[Date "2017.11.09"]
[Round "7.4"]
[White "Kryvoruchko, Vita"]
[Black "Anwesh, Upadhyaya"]
[Result "1-0"]
[WhiteElo "2148"]
[BlackElo "2368"]
[PlyCount "69"]
[EventDate "2017.11.06"]
[EventType "tourn"]
[EventRounds "9"]
[EventCountry "UKR"]
[EventCategory "1"]

1. d4 d5 2. c4 c6 3. Nc3 Nf6 4. Nf3 a6 5. e3 Bf5 6. Qb3 Ra7 7. a4 e6 8. Nh4 Bg4
9. h3 Bh5 10. g4 Bg6 11. Nxg6 hxg6 12. Bg2 Nbd7 13. a5 Bd6 14. Bd2 O-O 15. g5
dxc4 16. Qxc4 Nd5 17. h4 Re8 18. Ne4 Qe7 19. Nxd6 Qxd6 20. h5 e5 21. hxg6 Qxg6
22. Bxd5 cxd5 23. Qxd5 b5 24. Rh4 Nf8 25. Qh1 Nh7 26. dxe5 Rc7 27. f4 Qc2 28.
Rd1 Rd8 29. Qf3 Rcd7 30. Rh2 Qg6 31. Qh3 Qe4 32. f5 Kf8 33. Qxh7 Rxd2 34. Qh8+
Ke7 35. f6+ 1-0

[Event "November Lviv Tradition (IM-group A)"]
[Site "Lviv"]
[Date "2017.11.09"]
[Round "7.5"]
[White "Shkuran, Danylo"]
[Black "Martynkova, Olena"]
[Result "0-1"]
[WhiteElo "2403"]
[BlackElo "2261"]
[PlyCount "74"]
[EventDate "2017.11.06"]
[EventType "tourn"]
[EventRounds "9"]
[EventCountry "UKR"]
[EventCategory "1"]

1. Nf3 Nf6 2. g3 g6 3. Bg2 Bg7 4. O-O O-O 5. d3 d5 6. Nbd2 c5 7. e4 e6 8. Re1
Nc6 9. c3 a5 10. a4 b6 11. e5 Ng4 12. d4 cxd4 13. cxd4 Nb4 14. Nf1 Ba6 15. h3
Nh6 16. Bg5 Qd7 17. Qd2 Nf5 18. g4 Ne7 19. Ra3 Kh8 20. h4 Ng8 21. h5 h6 22. Bf6
g5 23. Nxg5 Nxf6 24. exf6 Bxf6 25. Nf3 Bg7 26. g5 hxg5 27. h6 Bf6 28. N1h2 Rg8
29. Ng4 Be7 30. Rc3 Rac8 31. Nfe5 Qe8 32. Rxc8 Bxc8 33. Rc1 f6 34. Nf3 e5 35.
Ngh2 e4 36. Ne1 Bd6 37. Qe2 f5 0-1

[Event "November Lviv Tradition (IM-group A)"]
[Site "Lviv"]
[Date "2017.11.10"]
[Round "8.1"]
[White "Bykovskiy, Oleg"]
[Black "Martynkova, Olena"]
[Result "1-0"]
[WhiteElo "2249"]
[BlackElo "2261"]
[PlyCount "95"]
[EventDate "2017.11.06"]
[EventType "tourn"]
[EventRounds "9"]
[EventCountry "UKR"]
[EventCategory "1"]

1. e4 c5 2. Nf3 e6 3. d4 cxd4 4. Nxd4 Nc6 5. Nc3 Qc7 6. f4 a6 7. Nxc6 Qxc6 8.
a3 b5 9. Bd3 Bb7 10. Bd2 Rc8 11. Qe2 Bc5 12. O-O-O Ne7 13. g4 O-O 14. f5 f6 15.
g5 exf5 16. exf5 fxg5 17. Rhf1 b4 18. axb4 Bxb4 19. Bxg5 Bxc3 20. Bxe7 Qh6+ 21.
Kb1 Qb6 22. Bc4+ Kh8 23. Bb3 Bf6 24. Bxf8 Rxf8 25. Rxd7 Bc6 26. Rd6 Qb7 27. Rg1
Bb5 28. Qe3 a5 29. Rb6 Qd7 30. Be6 Qd4 31. Qxd4 Bxd4 32. Rxb5 Bxg1 33. h3 h5
34. Rxa5 Rd8 35. c4 Rd6 36. c5 Rc6 37. b4 Kh7 38. Kc2 Kh6 39. Kd3 Kg5 40. Ra7
Kh6 41. Kc4 Bh2 42. Kd5 Rc7 43. Rxc7 Bxc7 44. b5 Kg5 45. b6 Bd8 46. Kd6 Kh6 47.
Kd7 Bh4 48. c6 1-0

[Event "November Lviv Tradition (IM-group A)"]
[Site "Lviv"]
[Date "2017.11.10"]
[Round "8.2"]
[White "Zgadzaj, Rafal"]
[Black "Shkuran, Danylo"]
[Result "0-1"]
[WhiteElo "2133"]
[BlackElo "2403"]
[PlyCount "52"]
[EventDate "2017.11.06"]
[EventType "tourn"]
[EventRounds "9"]
[EventCountry "UKR"]
[EventCategory "1"]

1. c4 c6 2. Nf3 d5 3. e3 Nf6 4. Nc3 Nbd7 5. b3 e5 6. cxd5 cxd5 7. Bb2 a6 8. Rc1
Bd6 9. Be2 O-O 10. O-O Qe7 11. d3 b5 12. e4 dxe4 13. Nxe4 Nxe4 14. dxe4 Bb7 15.
Bd3 Nc5 16. Qe2 f5 17. Nd2 Rad8 18. Bb1 Qg5 19. f4 exf4 20. e5 Be7 21. Nf3 Bxf3
22. Rxf3 Ne4 23. Rd1 Bc5+ 24. Kf1 Qh5 25. Rxd8 Rxd8 26. Rd3 Ng3+ 0-1

[Event "November Lviv Tradition (IM-group A)"]
[Site "Lviv"]
[Date "2017.11.10"]
[Round "8.3"]
[White "Krzywda, Andrzej"]
[Black "Shpanko, Nadiia"]
[Result "1/2-1/2"]
[WhiteElo "2174"]
[BlackElo "2085"]
[PlyCount "217"]
[EventDate "2017.11.06"]
[EventType "tourn"]
[EventRounds "9"]
[EventCountry "UKR"]
[EventCategory "1"]

1. e4 c5 2. Nf3 d6 3. d4 cxd4 4. Nxd4 Nf6 5. Nc3 a6 6. g3 e5 7. Nb3 Nbd7 8. Bg2
b5 9. O-O Bb7 10. Re1 Rc8 11. a4 b4 12. Na2 a5 13. c3 Bc6 14. cxb4 Bxa4 15. Nc3
Bxb3 16. Qxb3 axb4 17. Qxb4 d5 18. Qa4 d4 19. Nd5 Nxd5 20. exd5 Be7 21. Bh3 Rc7
22. Bd2 O-O 23. Ba5 Nc5 24. Bxc7 Qxc7 25. Qc6 Qb8 26. b4 Nd3 27. Reb1 Nxb4 28.
Qd7 Qd8 29. Ra7 Bc5 30. Qxd8 Rxd8 31. Ra5 Bf8 32. Bg2 f5 33. Rb5 e4 34. d6 Bxd6
35. Rxf5 e3 36. fxe3 dxe3 37. Bf3 Rc8 38. Rb5 Rc4 39. Rd5 Bf8 40. Rd8 Kf7 41.
Rf1 Be7 42. Bd5+ Kg6 43. Bxc4 Bxd8 44. Kg2 Nc6 45. Rd1 Bf6 46. Bd3+ Kh6 47. Kf3
Ne5+ 48. Kxe3 Nxd3 49. Rxd3 Kg6 50. Kf4 h6 51. Rd5 Bg5+ 52. Ke4 Bf6 53. Rb5 Bc3
54. Rc5 Bf6 55. Rc6 Kg5 56. Ra6 Bc3 57. Ra8 Bf6 58. Rc8 Kg6 59. Kd5 Kf5 60. Rf8
Kg4 61. Ra8 h5 62. Ke6 h4 63. Ra4+ Kh3 64. gxh4 Bxh4 65. Ra2 Bd8 66. Rc2 Bb6
67. Kf7 Bg1 68. Kg6 Bxh2 69. Kg5 Kg3 70. Rc3+ Kg2 71. Kg4 g5 72. Rc2+ Kh1 73.
Ra2 Bg1 74. Kg3 Be3 75. Ra1+ Bg1 76. Rb1 g4 77. Rb2 Bd4 78. Rb5 Be3 79. Re5 Bd4
80. Rd5 Bb6 81. Rb5 Bd4 82. Rb7 Bc5 83. Rd7 Bb6 84. Rb7 Bc5 85. Rb1+ Bg1 86.
Rb2 Bd4 87. Rb4 Bc5 88. Rc4 Bb6 89. Rc6 Bd4 90. Rc8 Bb6 91. Rh8+ Kg1 92. Rc8
Kh1 93. Rc6 Bd4 94. Rc2 Bb6 95. Rh2+ Kg1 96. Rb2 Bc7+ 97. Kh4 g3 98. Rc2 Bd6
99. Kg4 Bb8 100. Kf3 Bd6 101. Rg2+ Kh1 102. Rd2 Bc7 103. Rd7 Bb8 104. Rh7+ Kg1
105. Rb7 Bd6 106. Rb5 Kh1 107. Rg5 Bc7 108. Rg8 Bd6 109. Rh8+ 1/2-1/2

[Event "November Lviv Tradition (IM-group A)"]
[Site "Lviv"]
[Date "2017.11.10"]
[Round "8.4"]
[White "Sevostianov, Pavel"]
[Black "Kryvoruchko, Vita"]
[Result "1-0"]
[WhiteElo "2264"]
[BlackElo "2148"]
[PlyCount "93"]
[EventDate "2017.11.06"]
[EventType "tourn"]
[EventRounds "9"]
[EventCountry "UKR"]
[EventCategory "1"]

1. Nf3 Nf6 2. g3 d5 3. Bg2 c5 4. O-O Nc6 5. d4 e6 6. c4 dxc4 7. dxc5 Qxd1 8.
Rxd1 Bxc5 9. Nbd2 Ke7 10. Nxc4 Ng4 11. e3 f6 12. h3 Nh6 13. Nd4 Bd7 14. Nxc6+
Bxc6 15. Bxc6 bxc6 16. Bd2 Rac8 17. Rac1 Bb6 18. Rc2 Rc7 19. b4 Rb8 20. a4 Rcc8
21. Rdc1 Nf7 22. Kf1 Nd8 23. f4 Kd7 24. Ke2 a6 25. g4 Bc7 26. Nb2 Bd6 27. Nd3
Nb7 28. h4 a5 29. bxa5 Ra8 30. Bb4 Bxb4 31. Nxb4 Nxa5 32. g5 f5 33. Nd3 Nb7 34.
Ne5+ Ke8 35. Rxc6 Rxc6 36. Rxc6 Rxa4 37. Rc8+ Nd8 38. Rc7 Ra2+ 39. Kf3 Kf8 40.
h5 h6 41. Rd7 Ra8 42. gxh6 gxh6 43. Rh7 Kg8 44. Rxh6 Ra2 45. Rg6+ Kh7 46. Nd7
Rh2 47. Nf6+ 1-0

[Event "November Lviv Tradition (IM-group A)"]
[Site "Lviv"]
[Date "2017.11.10"]
[Round "8.5"]
[White "Anwesh, Upadhyaya"]
[Black "Bogdanov, Egor"]
[Result "1/2-1/2"]
[WhiteElo "2368"]
[BlackElo "2317"]
[PlyCount "60"]
[EventDate "2017.11.06"]
[EventType "tourn"]
[EventRounds "9"]
[EventCountry "UKR"]
[EventCategory "1"]

1. Nf3 Nf6 2. d4 g6 3. g3 Bg7 4. Bg2 O-O 5. b3 d5 6. Bb2 b6 7. O-O Bb7 8. Nbd2
Nbd7 9. c4 c5 10. Rc1 Rc8 11. e3 e6 12. Qe2 Qe7 13. Rfd1 Rfd8 14. Ba1 Ba8 15.
dxc5 Nxc5 16. cxd5 Bxd5 17. Nc4 Bxc4 18. Rxd8+ Rxd8 19. Qxc4 Nd5 20. Bxg7 Kxg7
21. Nd4 Qd6 22. Bxd5 Qxd5 23. Qxd5 Rxd5 24. Kf1 Rd7 25. Ke2 h5 26. h4 Kf6 27.
Nb5 Ke7 28. Nc3 a5 29. Rd1 Rxd1 30. Kxd1 Kd6 1/2-1/2

[Event "November Lviv Tradition (IM-group A)"]
[Site "Lviv"]
[Date "2017.11.10"]
[Round "9.1"]
[White "Bogdanov, Egor"]
[Black "Sevostianov, Pavel"]
[Result "1/2-1/2"]
[WhiteElo "2317"]
[BlackElo "2264"]
[PlyCount "66"]
[EventDate "2017.11.06"]
[EventType "tourn"]
[EventRounds "9"]
[EventCountry "UKR"]
[EventCategory "1"]

1. e4 e6 2. d4 d5 3. Nc3 Nf6 4. e5 Nfd7 5. f4 c5 6. Nf3 Nc6 7. Be3 a6 8. Qd2 b5
9. a3 Qb6 10. Ne2 Bb7 11. dxc5 Bxc5 12. Ned4 Nxd4 13. Nxd4 Qc7 14. Bd3 Be7 15.
O-O g6 16. Qf2 Nc5 17. Nb3 Ne4 18. Bxe4 dxe4 19. Bb6 Qc8 20. c3 Bd5 21. Nd2 O-O
22. Qe3 a5 23. Rac1 Qc6 24. Bd4 Rfd8 25. Rfe1 Rac8 26. h3 Kg7 27. Nxe4 Bxe4 28.
Qxe4 Qc4 29. Kh2 Bc5 30. Qe3 Bxd4 31. cxd4 Qa2 32. Qf2 Rc4 33. Rxc4 bxc4
1/2-1/2

[Event "November Lviv Tradition (IM-group A)"]
[Site "Lviv"]
[Date "2017.11.10"]
[Round "9.2"]
[White "Shkuran, Danylo"]
[Black "Krzywda, Andrzej"]
[Result "1-0"]
[WhiteElo "2403"]
[BlackElo "2174"]
[PlyCount "51"]
[EventDate "2017.11.06"]
[EventType "tourn"]
[EventRounds "9"]
[EventCountry "UKR"]
[EventCategory "1"]

1. e4 c5 2. Nf3 d6 3. d4 cxd4 4. Nxd4 Nf6 5. Nc3 a6 6. g3 e6 7. Bg2 Be7 8. O-O
O-O 9. a4 Qc7 10. f4 Nc6 11. Nb3 Re8 12. g4 Rb8 13. Be3 b5 14. axb5 axb5 15.
Qe2 Nb4 16. g5 Nd7 17. Nd4 Qc4 18. Qd2 Ba6 19. Nb1 e5 20. Nf5 Bf8 21. b3 Qc8
22. Qxb4 d5 23. Nd6 Qc6 24. exd5 Qxc2 25. Rxa6 exf4 26. Qxf4 1-0

[Event "November Lviv Tradition (IM-group A)"]
[Site "Lviv"]
[Date "2017.11.10"]
[Round "9.3"]
[White "Shpanko, Nadiia"]
[Black "Anwesh, Upadhyaya"]
[Result "0-1"]
[WhiteElo "2085"]
[BlackElo "2368"]
[PlyCount "76"]
[EventDate "2017.11.06"]
[EventType "tourn"]
[EventRounds "9"]
[EventCountry "UKR"]
[EventCategory "1"]

1. d4 Nf6 2. c4 e6 3. Nf3 d5 4. g3 dxc4 5. Bg2 Nc6 6. O-O a6 7. Nc3 Rb8 8. Bg5
Be7 9. e4 h6 10. Bf4 O-O 11. Re1 b5 12. Qd2 Bb7 13. b3 b4 14. Na4 c3 15. Qd3
Na7 16. a3 Rc8 17. axb4 Bxb4 18. Qc4 a5 19. Nxc3 c5 20. d5 exd5 21. exd5 Nxd5
22. Be5 Nxc3 23. Bxc3 Bd5 24. Qd3 Bxb3 25. Qxd8 Rfxd8 26. Bxb4 cxb4 27. Rxa5
Nc6 28. Rc5 Be6 29. h4 Nd4 30. Rxc8 Nxf3+ 31. Bxf3 Rxc8 32. Rb1 Rb8 33. Kf1 Kf8
34. Ke2 Ke7 35. Be4 Kd6 36. Kd3 Kc5 37. Rc1+ Kb5 38. Kc2 Rc8+ 0-1

[Event "November Lviv Tradition (IM-group A)"]
[Site "Lviv"]
[Date "2017.11.10"]
[Round "9.4"]
[White "Kryvoruchko, Vita"]
[Black "Bykovskiy, Oleg"]
[Result "1-0"]
[WhiteElo "2148"]
[BlackElo "2249"]
[PlyCount "41"]
[EventDate "2017.11.06"]
[EventType "tourn"]
[EventRounds "9"]
[EventCountry "UKR"]
[EventCategory "1"]

1. d4 Nf6 2. c4 e6 3. Nc3 c5 4. d5 exd5 5. cxd5 d6 6. e4 a6 7. a4 g6 8. g3 Bg7
9. Bg2 O-O 10. Nge2 Nbd7 11. O-O c4 12. Be3 Ne5 13. a5 Re8 14. Na4 Bd7 15. Nb6
Rb8 16. Bd4 Bb5 17. Nc3 Nd3 18. b3 Qc7 19. bxc4 Bxc4 20. Nxc4 Qxc4 21. Ra4 1-0

[Event "November Lviv Tradition (IM-group A)"]
[Site "Lviv"]
[Date "2017.11.10"]
[Round "9.5"]
[White "Martynkova, Olena"]
[Black "Zgadzaj, Rafal"]
[Result "1-0"]
[WhiteElo "2261"]
[BlackElo "2133"]
[PlyCount "104"]
[EventDate "2017.11.06"]
[EventType "tourn"]
[EventRounds "9"]
[EventCountry "UKR"]
[EventCategory "1"]

1. d4 f5 2. Nf3 Nf6 3. g3 g6 4. Bg2 Bg7 5. O-O O-O 6. b3 d6 7. Bb2 c6 8. c4 a5
9. Nc3 Na6 10. a3 Qe8 11. d5 Bd7 12. Rc1 Rd8 13. Nd4 e5 14. dxe6 Bxe6 15. Qc2
Bc8 16. Na4 Nd7 17. Qd2 Ndc5 18. Nb6 Ne4 19. Qc2 Be6 20. f3 Nec5 21. Qd2 Bf7
22. Kh1 Qe7 23. Bc3 Rfe8 24. Qb2 Qc7 25. Na4 Nxa4 26. bxa4 Bxc4 27. Rfe1 d5 28.
Qd2 b6 29. Ba1 Nc5 30. Qc2 Re3 31. f4 Rde8 32. Bf3 Nd3 33. exd3 Rxe1+ 34. Kg2
Rxc1 35. Qxc1 c5 36. Ne6 Rxe6 37. dxc4 d4 38. Bd5 Qd6 39. Qd2 Kf8 40. Bxe6 Qxe6
41. Qd3 Qe4+ 42. Qxe4 fxe4 43. Kf2 d3 44. Bxg7+ Kxg7 45. Ke3 g5 46. fxg5 Kg6
47. h4 Kf5 48. Kd2 Ke6 49. Ke3 Ke5 50. g4 Ke6 51. h5 Ke5 52. h6 Ke6 1-0